000 00765cam a2200265 a 4500
001 14147
003 BD-JhCC
005 20250130085832.0
008 900817s1989 enka b 001 0 eng c
020 _a0091740886 :
_c£10.95
035 _a(BD-JhCC)14147
040 _aMH
_cMH
_dDLC
041 _aeng
050 0 0 _aHD58.8
_b.H362 1989b
082 0 0 _a302.35
_220
_bHAN 1989
100 1 _aHandy, Charles B.
245 1 4 _aThe age of unreason /
_cCharles Handy.
260 _aLondon :
_bBusiness Books,
_c1989.
300 _avii, 216 p. :
_bill. ;
_c21 cm.
504 _aIncludes bibliographical references (p. [213]-214) and index.
650 0 _aOrganizational change.
650 0 _aOrganizational behavior.
650 0 _aSocial prediction.
942 _2ddc
_cBK
999 _c14147
_d14147